000 00374nam a2200157 i 4500
001 bg
100 1 _aCOLES, B. R.
245 0 _aThe electronic structures of solids /
_cB.R. Coles, A.D. Caplin.
260 _aLondon,
_c1976.
700 1 _aCAPLIN, A. D.
040 _cBPK
041 _apol
080 _a538.9
942 _cKS
008 s pl f |000 0 pol
999 _c27448
_d27448
856 _uhttp://koha.tu.koszalin.pl/cgi-bin/koha/opac-detail.pl?biblionumber=27448
_yKatalog online BPK